แสดงรายละเอียดบรรณานุกรม
  กลับหน้าหลัก

Brief Record : Get Marc (ISO 2709) : E-mail record : QR code ปิดหน้าต่าง
Grammar ไม่น่าเบื่อ Review โดย
ใช้งานได้ทุกระบบ
ห้องสมุด วพบ.ขอนแก่น
ใช้งานได้ทุกระบบ เมื่อ19/เมษายน/2559
สารบัญ
  • คำนาม
  • พจน์ของคำนาม
  • คำนำหน้านาม
  • คำที่ใช้เรียกแทนคน สัตว์ สิ่งของ
  • การขยายคำนามและสรรพนาม
  • คำขยายกริยา
  • เชื่อมความให้สมบูรณ์
  • บอกความสัมพันธ์ของคำ
  • คำกริยา
  • การบอกว่ามี
  • การบอกปริมาณมากน้อย
  • ประโยคคำถาม
  • การถามย้ำท้ายประโยค
  • สรรพนามผสม
  • เมื่อบอกว่าควรทำ
  • เมื่อบอกว่าต้องทำ
  • อื่นๆ
  • ประโยคเงื่อนไข
  • เชื่อมประโยคแบบมีชั้นเชิง
  • เมื่อเกิดการเปรียบเทียบ
  • เล่าต่อสิ่งที่คนอื่นพูดไว้

E-books : เกี่ยวกับ Collections
LEADER 00000nam 2200000uu 4500
001    209577
003     ULIBM
008    140404s2556||||th 000 0 tha d
020    ^a9786169070122
040    ^abcnkk
041 0  ^atha
050  4 ^aPE1130.T45^bพ167g 2556
100 0  ^aพจนีย์ เมืองศิลปศาสตร์
245 10 ^aGrammar ไม่น่าเบื่อ /^cพจนีย์ เมืองศิลปศาสตร์
250    ^aพิมพ์ครั้งที่ 13
260    ^aกรุงเทพฯ :^bพราว,^c2556
300    ^a414 หน้า :^bภาพประกอบ ;^c22 ซม.
650  0 ^aEnglish language^xGrammar
650  4 ^aภาษาอังกฤษ^xการใช้ภาษา
999    ^aใช้งานได้ทุกระบบ
รายการนี้ยังไม่มีแท็ก
คุณยังไม่ได้ล็อกอิน คุณสามารถมีกิจกรรมร่วมกับเว็บไซต์ได้ แต่ต้องล็อกอินก่อน ::
  ล็อกอิน
ลำดับที่ ประเภท เลขเรียก สถานที่ สถานะ
1. หนังสือทั่วไป
หนังสือทั่วไป
PE1130.T45 พ167g 2556  
  
หนังสือทั่วไป On Shelf
  ขอยืม
Note:ปีงบประมาณ2557
2. หนังสือทั่วไป
หนังสือทั่วไป
PE1130.T45 พ167g 2556 ฉ.2 
  
หนังสือทั่วไป On Shelf
  ขอยืม
Note:ปีงบประมาณ2557
3. หนังสือทั่วไป
หนังสือทั่วไป
PE1130.T45 พ167g 2556 ฉ.3 
  
หนังสือทั่วไป On Shelf
  ขอยืม
Note:ปีงบประมาณ2557
4. หนังสือทั่วไป
หนังสือทั่วไป
PE1130.T45 พ167g 2556 ฉ.4 
  
หนังสือทั่วไป On Shelf
  ขอยืม
Note:ปีงบประมาณ2557
5. หนังสือทั่วไป
หนังสือทั่วไป
PE1130.T45 พ167g 2556 ฉ.5 
  
หนังสือทั่วไป On Shelf
  ขอยืม
Note:ปีงบประมาณ2557
   [แสดง 5/5 รายการ]

รายการใกล้เคียง
    หัวเรื่อง [English language Grammar]
    หัวเรื่อง [ภาษาอังกฤษ การใช้ภาษา]

BibComment


ยังไม่เคยถูกคอมเมนท์

คอมเมนท์ทรัพยากรรายการนี้
  คอมเมนท์: Grammar ไม่น่าเบ..
Bib 209577

 
 
 

 Union Library Management : ULibM
Copyright 2026. All Rights Reserved.
скачать бесплатно без регистрации порно красивый секс HD Sex Hindi sex

xxx gou

xxxx

bfxxx

xxxwww

Секса Видео

xxxx

Секса Видео

detube

geilexxx

C99 Shell

worms shell

blod xxx video
Ebony Coed Rihanna Rimes Takes A Dick In Her Young Twat priyaa indian fuck anal and pusssy hardcore indian women xxx desi hardcore fucking part 1 bengalixxxcouple